Kritické oprávnenia v systéme SAP

Guardado en:
Detalles Bibliográficos
Autor principal: Dubaň, Jakub, 1986- (Autor)
Otros Autores: Peťko, Ivan, 1984- (Orientador)
Formato: Manuscrito Libro
Lenguaje:eslovaco
Publicado: Trnava : STU v Bratislave MTF UIAM, 2014
Materias:
SAP
Acceso en línea:VAIS
Etiquetas: Agregar Etiqueta
Sin Etiquetas, Sea el primero en etiquetar este registro!

MARC

LEADER 00000ntm a22000003a 4500
001 stu292458
005 20150617230301.1
008 140626s2014----xo------------------slo-d
040 |a STU  |b slo 
041 0 |a slo 
044 |a xo 
100 1 |a Dubaň, Jakub,  |d 1986-  |4 aut  |u M  |T MTF Materiálovotechnologická fakulta  |X 42401  |U M  |Y 60  |7 A000042401 
242 0 0 |a The critical authorizations in SAP  |y eng 
245 1 |a Kritické oprávnenia v systéme SAP 
260 |a Trnava :  |b STU v Bratislave MTF UIAM,  |c 2014 
300 |a 90s  |c CD 
650 7 |a SAP  |2 stusub 
700 1 |a Peťko, Ivan,  |d 1984-  |4 ths  |X 66205  |7 A000066205 
856 4 |a info a plný text  |u http://is.stuba.sk/zp/portal_zp.pl?podrobnosti=98529  |3 VAIS 
996 |c M*DP-11824  |l MMSKP  |s P  |a 0  |w stu292458_0001